000 00312nam a22001457a 4500
008 210312b ||||| |||| 00| 0 eng d
020 _a9780716720577
041 _aeng
080 _a159.9
082 _a159.9
100 _a48
101 _aPSI
245 _aAbnormal Psychology
_cComer,J.R
942 _2udc
_cBK
999 _c56596
_d56596